000 00489nmm a2200157Ia 4500
008 251105s9999||||xx |||||||||||||||||und||
020 _a9788497433792
041 _aspa
100 _aMartínez Primo, Carme
245 0 _aEl laberinto de las luciérnagas :
_b El despertar de la conciencia universal
264 _a[Madrid, España] :
_bMilenio,
_c2010
300 _a128 páginas
650 _aPhilosophy, Ethics
856 _uhttps://public.digitaliapublishing.com/a/21258
942 _cCF
999 _c90526
_d90526